书目信息 |
| 题名: |
华北断块区的形成与发展
|
|
| 作者: | ;中国科学院地质研究所 , 国家地震局地质研究所 编 | |
| 分册: | ||
| 出版信息: | 北京 科学出版社 1980 |
|
| 页数: | 378页 | |
| 开本: | 25cm | |
| 丛书名: | ||
| 单 册: | ||
| 中图分类: | P548.22-53 | |
| 科图分类: | ||
| 主题词: | 构造地质学 | |
| 电子资源: | ||
| ISBN: | ||
| 000 | 00807nam0 2200253 45 | |
| 001 | 0180005246 | |
| 005 | 20040701153315.5 | |
| 010 | @dCNY4.10 | |
| 091 | @a13031.1189 | |
| 100 | @a19950727d1980 em y0chiy0121 ea | |
| 101 | 0 | @achi |
| 102 | @aCN@b110000 | |
| 105 | @ay z 000yy | |
| 106 | @ar | |
| 200 | 10 | @a华北断块区的形成与发展@Ahua bei duan kuai qu de xing cheng yu fa zhan@f中国科学院地质研究所,国家地震局地质研究所 |
| 210 | @a北京@c科学出版社@d1980 | |
| 215 | @a378页@d25cm | |
| 606 | 0 | @a构造地质学 |
| 690 | @aP548.22-53 | |
| 711 | 02 | @a中国科学院地质研究所@Azhong guo ke xue yuan di zhi yan jiu suo@4编 |
| 711 | 02 | @a国家地震局地质研究所@Aguo jia di zhen ju di zhi yan jiu suo@4著 |
| 801 | 0 | @aCN@b上海图书馆@c20040701 |
| 801 | 2 | @aCN@bNLC@c20040701 |
| 905 | @f1@b245000@dP548.22-53@e51 | |
| 华北断块区的形成与发展/中国科学院地质研究所,国家地震局地质研究所.-北京:科学出版社,1980 |
| 378页;25cm |
| ISBN :CNY4.10 |
| ● |
| 相关链接 |
|
|
|
|
正题名:华北断块区的形成与发展
索取号:P548.22-53/51
 
预约/预借
| 序号 | 登录号 | 条形码 | 馆藏地/架位号 | 状态 | 备注 |
| 1 | 0245000 | 001944604 | 第三借阅区/ [索取号:P548.22-53/51] | 在馆 | |
| 2 | 0245001 | 000073262 | 第二样本阅览室/ [索取号:P548.22-53/51] | 在馆 |